Semiótica y ciencias sociales /
Se parte del hecho de que los comportamientos humanos están socialmente programados se plantean algunos casos de prácticas límites y se concretan ejemplos con el lenguaje. Se puntualiza los tres niveles de programación más importantes, a saber: el económico, ideológico y el semiótico, en su articul...
Gorde:
| Egile nagusia: | |
|---|---|
| Formatua: | Texto |
| Gaiak: | |
| Etiketak: |
Etiketa erantsi
Etiketarik gabe, Izan zaitez lehena erregistro honi etiketa jartzen!
|
MARC
| LEADER | 00000 a a2200000 04500 | ||
|---|---|---|---|
| 001 | 15013 | ||
| 003 | |||
| 040 | |||
| 100 | |a Zeledón Cambronero, Mario | ||
| 245 | |a Semiótica y ciencias sociales / |c Mario Zeledón Cambronero | ||
| 520 | |a Se parte del hecho de que los comportamientos humanos están socialmente programados |a se plantean algunos casos de prácticas límites y se concretan ejemplos con el lenguaje. Se puntualiza los tres niveles de programación más importantes, a saber: el económico, ideológico y el semiótico, en su articulación dialéctica y se explica la importancia del ideológico en el proceso. A su vez se propone el texto discurso como magnitud mínima, inseparable del proceso de producción y se subraya la capacidad creativa, determinando los límites y espacios de la semiótica y su posible articulación con disciplinas de las ciencias sociales . Se concluye con muestras de la cultura impresa, frente a la cultura audiovisual en diferentes espacios generacionales y se comentan algunas de las implicaciones de las comunicaciones sociales en los cambios de las sociedades. OB/LOB | ||
| 650 | |a COMPORTAMIENTO SOCIAL | ||
| 650 | |a CIENCIAS SOCIALES | ||
| 650 | |a IDEOLOGIAS | ||
| 650 | |a VALORES CULTURALES | ||
| 650 | |a DESARROLLO ECONOMICO Y SOCIAL | ||
| 650 | |a MEDIOS DE COMUNICACION DE MASAS | ||
| 650 | |a PUB.IIS | ||
| 773 | |g número 64; páginas 135-148 | ||
| 999 | |c 29678 |d 29678 | ||
